00646 2200205 4500001002100000005001700021008004100038035002400079082001000103090001700113100002500130245005600155260011100211300002600322500002700348650002900375850001500404985000600419999001500425YOGYA-0209000003005520090227024438.0 ind  0010-020900000030055 a643.6 a643.6bSoe P aSOERJONO, Soedarinah aPengetahuan barang rumah tanggacSoedarinah Serjono aYogyakartabPengawas Bidang Pendidikan Menengah Kejuruan Kantor Wilayah Departemen P dan K Prop. DIYc[19] a...Jilidbilusc21 cm aYang diterima : Jil. 2 aAlat - alat rumah tangga aYOPDYOG(B) a1 aP000006181